Statistics for Elektronomia Songs

Click here to take the quiz!

General Stats

  • This quiz has been taken 13 times
    (12 since last reset)
  • The average score is 11 of 32

Answer Stats

HintAnswer% Correct
NCS ReleaseEnergy
100%
2017Sky High
100%
InfinityLimitless
89%
SSummersong 2018
89%
JJDFree
67%
Rocky BalboaVision
67%
SSummersong 2015
56%
SSummersong 2016
56%
SSummersong 2017
56%
Stahl!Journey
44%
The Other Side
44%
ElixirVitality
44%
Fire
33%
Disco Boy
22%
FlickerGlimmer
22%
SummerSummer Vibes
22%
A New Dimension
11%
Alex SkrindoAscension
11%
AviciiButterfly
11%
Close To You
11%
QuarrelConflict
11%
Crossed Paths
11%
Crystal
11%
2015Desire
11%
CLUBDisturbance
11%
Flashback
11%
ScreechImagination
11%
2018Legacy
11%
Ft. Katie McConnellShine On
11%
2016Sparks
11%
Spirit
11%
LeedUnited
11%

Score Distribution

Percentile by Number Answered

Percent of People with Each Score

Your Score History

You have not taken this quiz since the last reset